<?xml version="1.0" encoding="UTF-8"?>
<record
    xmlns:xsi="http://www.w3.org/2001/XMLSchema-instance"
    xsi:schemaLocation="http://www.loc.gov/MARC21/slim http://www.loc.gov/standards/marcxml/schema/MARC21slim.xsd"
    xmlns="http://www.loc.gov/MARC21/slim">

  <leader>00785na  a2200253   4500</leader>
  <controlfield tag="001">23257</controlfield>
  <controlfield tag="003">MIRAKIL</controlfield>
  <controlfield tag="005">20181213155335.0</controlfield>
  <controlfield tag="008">181023b        tu            000 0      </controlfield>
  <datafield tag="020" ind1=" " ind2=" ">
    <subfield code="a">9756238216</subfield>
  </datafield>
  <datafield tag="040" ind1=" " ind2=" ">
    <subfield code="a">Milas</subfield>
    <subfield code="b">tur</subfield>
    <subfield code="c">TR-AnCHP</subfield>
  </datafield>
  <datafield tag="041" ind1=" " ind2=" ">
    <subfield code="a">tur</subfield>
  </datafield>
  <datafield tag="082" ind1=" " ind2=" ">
    <subfield code="a">347.56105</subfield>
    <subfield code="b">A25 2004</subfield>
  </datafield>
  <datafield tag="090" ind1=" " ind2=" ">
    <subfield code="a">347.56105 A25 2004</subfield>
  </datafield>
  <datafield tag="245" ind1=" " ind2=" ">
    <subfield code="a">Adil yarg&#x131;lanma hakk&#x131;</subfield>
    <subfield code="c">yay&#x131;na haz&#x131;rlayan Feridun Yenisey</subfield>
  </datafield>
  <datafield tag="260" ind1=" " ind2=" ">
    <subfield code="a">&#x130;stanbul</subfield>
    <subfield code="b">Nergiz Yay&#x131;nlar&#x131;</subfield>
    <subfield code="c">2004</subfield>
    <subfield code="f">Kilim matbaac&#x131;l&#x131;k</subfield>
  </datafield>
  <datafield tag="300" ind1=" " ind2=" ">
    <subfield code="a">397 s.</subfield>
    <subfield code="c">23 sm.</subfield>
  </datafield>
  <datafield tag="440" ind1=" " ind2=" ">
    <subfield code="a">Global Hukuk E&#x11F;itim Programlar&#x131; Direkt&#xF6;rl&#xFC;&#x11F;&#xFC;</subfield>
    <subfield code="v">yay&#x131;n no: 4</subfield>
  </datafield>
  <datafield tag="504" ind1=" " ind2=" ">
    <subfield code="a">Kaynak&#xE7;a var.</subfield>
  </datafield>
  <datafield tag="650" ind1=" " ind2=" ">
    <subfield code="a">Adil yarg&#x131;lanma hakk&#x131;</subfield>
    <subfield code="x">T&#xFC;rkiye</subfield>
  </datafield>
  <datafield tag="650" ind1=" " ind2=" ">
    <subfield code="a">Hukuk ve mevzuat</subfield>
    <subfield code="x">T&#xFC;rkiye</subfield>
  </datafield>
  <datafield tag="700" ind1=" " ind2=" ">
    <subfield code="a">Yenisey, Feridun</subfield>
    <subfield code="e">yay. haz.</subfield>
  </datafield>
  <datafield tag="942" ind1=" " ind2=" ">
    <subfield code="2">ddc</subfield>
    <subfield code="c">BKS</subfield>
  </datafield>
  <datafield tag="952" ind1=" " ind2=" ">
    <subfield code="a">0001</subfield>
    <subfield code="b">0001</subfield>
    <subfield code="d">2017-08-21</subfield>
    <subfield code="e">2</subfield>
    <subfield code="l">0</subfield>
    <subfield code="o">347.56105 A25 2004</subfield>
    <subfield code="p">017242</subfield>
    <subfield code="r">2017-08-21 00:00:00</subfield>
    <subfield code="v">0.00</subfield>
    <subfield code="w">2017-08-21</subfield>
    <subfield code="y">BKS</subfield>
  </datafield>
  <datafield tag="999" ind1=" " ind2=" ">
    <subfield code="c">10842</subfield>
    <subfield code="d">10842</subfield>
  </datafield>
</record>
